| 000 | 00540nam a2200157 4500 | ||
|---|---|---|---|
| 008 | 160709b xxu||||| |||| 00| 0 eng d | ||
| 020 | _a9780132549844 | ||
| 050 | _aHF 5415.M295 2011 | ||
| 100 |
_aArmstrong, Gary. _d2011 |
||
| 245 |
_aMarketing: _ban introduction / _c Gary Armstrong...[et al.].. |
||
| 250 | _a4th Canadian ed. | ||
| 260 |
_aToronto: _bPearson, _c2011. |
||
| 300 |
_axxiii, 663 p. : ill. _bIncludes bibliographical references and index. |
||
| 650 | _aMarketing. | ||
| 942 |
_2lcc _cBOOKS _hHF 5415.M295 2011 _01 |
||
| 999 |
_c11473 _d11473 |
||